Crônicas (Record no. 60852)

MARC details
000 -LÍDER
campo de controle de tamanho fixo 00355 a2200169 4500
001 - NÚMERO DE CONTROLE
campo de controle 60852
020 ## - ISBN - INTERNATIONAL STANDARD BOOK NUMBER
ISBN - International Standard Book Number 9788508086528
040 ## - FONTE DA CATALOGAÇÃO
Instituição que transcreveu o registro Anchieta - Pituba
100 ## - ENTRADA PRINCIPAL--NOME PESSOAL
Nome pessoal Andrade, Carlos Drummond de
240 10 - TÍTULO UNIFORME
Título uniforme Crônicas
Idioma da obra por
245 10 - TÍTULO
Título Crônicas
300 ## - DESCRIÇÃO FÍSICA
Extensão 86
362 0# - DATAS DE PUBLICAÇÃO E/OU DESIGNAÇÃO SEQUENCIAL
Datas de publicação e/ou designação sequencial 2009
440 #1 - DECLARAÇÃO DE SÉRIE/ENTRADA ADICIONADA--TÍTULO
Título Ática
650 #4 - ASSUNTO--TERMO TÓPICO
Cabeçalho tópico ou nome geográfico Literatura juvenil
942 ## - ELEMENTOS DE ENTRADA ADICIONADOS (KOHA)
Tipo de material Koha Livros
Holdings
Situação do descarte Situação das perdas Situação física Não pode ser emprestado Biblioteca de origem Biblioteca atual Data de aquisição Total de empréstimos Código de barras Data de último acesso Data do preço efetivo Tipo de material Koha Número de chamada completo Fonte da classificação ou esquema de arquivamento na estante
        Canadian School of Niterói - Itacoatiara Canadian School of Niterói - Itacoatiara 09/02/2024   A31364 09/02/2024 09/02/2024 Livros AND  
        Colégio Anchieta - Pituba Colégio Anchieta - Pituba 21/11/2023   12629/PIT 21/11/2023 21/11/2023 Livros    
        Colégio Anchieta - Pituba Colégio Anchieta - Pituba 21/11/2023   12637/PIT 21/11/2023 21/11/2023 Livros    
        Colégio Anchieta - Pituba Colégio Anchieta - Pituba 21/11/2023   12639/PIT 21/11/2023 21/11/2023 Livros    
        Domus - Itaim Bibi Domus - Itaim Bibi 04/09/2024   9788563223920 04/09/2024 04/09/2024 Livros 869.34 A566c Classificação Decimal de Dewey